Giai thoại kẻ sĩ Việt Nam
Chân dung 94 kẻ sĩ - nhà văn cổ điển Việt Nam. Có bảng tra tên tác giả xếp theo vần chữ cái
Spremljeno u:
| Glavni autor: | |
|---|---|
| Daljnji autori: | |
| Format: | Knjiga |
| Izdano: |
Hà Nội
Văn hóa dân tộc
1996
|
| Teme: | |
| Oznake: |
Dodaj oznaku
Bez oznaka, Budi prvi tko označuje ovaj zapis!
|
| Thư viện lưu trữ: | Trung tâm Học liệu Lê Vũ Hùng, Trường Đại học Đồng Tháp |
|---|
| LEADER | 00860pam a22002178a 4500 | ||
|---|---|---|---|
| 001 | 00028083 | ||
| 005 | 20171026081023.0 | ||
| 008 | 120104s1996 ||||||Viesd | ||
| 041 | 0 | # | |a Vie |
| 082 | 1 | 4 | |a 895.922 09 |b GI103TH |
| 100 | 1 | # | |a Thái, Doãn Hiểu |
| 245 | 1 | 0 | |a Giai thoại kẻ sĩ Việt Nam |c Thái Doãn Hiểu, Hoàng Liêm |
| 260 | # | # | |a Hà Nội |b Văn hóa dân tộc |c 1996 |
| 520 | # | # | |a Chân dung 94 kẻ sĩ - nhà văn cổ điển Việt Nam. Có bảng tra tên tác giả xếp theo vần chữ cái |
| 650 | # | 4 | |a Văn học |x Nhà văn |z Việt Nam |
| 653 | # | # | |a Nhà văn Việt Nam |
| 700 | 1 | # | |a Hoàng, Liên |
| 852 | # | # | |b Kho đọc |j KD.0012441 |
| 852 | # | # | |j KD.0012441 |
| 910 | |d 04/01/2012 | ||
| 980 | # | # | |a Trung tâm Học liệu Lê Vũ Hùng, Trường Đại học Đồng Tháp |